Teori-teori komunikasi (Record no. 1363)

000 -LEADER
fixed length control field nam a22 5a 4500
003 - CONTROL NUMBER IDENTIFIER
control field AKMAL
005 - DATE AND TIME OF LATEST TRANSACTION
control field 20170509115515.0
008 - FIXED-LENGTH DATA ELEMENTS--GENERAL INFORMATION
fixed length control field 170509t2003 my a b 000 0 may d
020 ## - INTERNATIONAL STANDARD BOOK NUMBER
International Standard Book Number 9831924703 (kkt.) :
Terms of availability RM26.00
040 ## - CATALOGING SOURCE
Original cataloging agency AKMAL
082 04 - DEWEY DECIMAL CLASSIFICATION NUMBER
Classification number 302.2 SAD
Edition number 21
090 00 - LOCALLY ASSIGNED LC-TYPE CALL NUMBER (OCLC); LOCAL CALL NUMBER (RLIN)
Classification number (OCLC) (R) ; Classification number, CALL (RLIN) (NR) 302.2
Local cutter number (OCLC) ; Book number/undivided call number, CALL (RLIN) SAD
100 00 - MAIN ENTRY--PERSONAL NAME
Personal name Saodah Wok
9 (RLIN) 2676
245 1# - TITLE STATEMENT
Title Teori-teori komunikasi
Statement of responsibility, etc. Saodah Wok, Narimah Ismail, Yusof Hussain
260 #0 - PUBLICATION, DISTRIBUTION, ETC.
Place of publication, distribution, etc. Pahang :
Name of publisher, distributor, etc. PTS Pub.,
Date of publication, distribution, etc. 2003
300 00 - PHYSICAL DESCRIPTION
Extent 265ms. ;
Dimensions 22cm.
504 0# - BIBLIOGRAPHY, ETC. NOTE
Bibliography, etc. note Mengandungi bibliografi
650 #0 - SUBJECT ADDED ENTRY--TOPICAL TERM
Topical term or geographic name entry element Communications
9 (RLIN) 2677
700 01 - ADDED ENTRY--PERSONAL NAME
Personal name Narimah Ismail
9 (RLIN) 2678
700 01 - ADDED ENTRY--PERSONAL NAME
Personal name Mohd. Yusof Hussain
9 (RLIN) 2679
942 ## - ADDED ENTRY ELEMENTS (KOHA)
Source of classification or shelving scheme
Koha item type Book
Holdings
Withdrawn status Lost status Source of classification or shelving scheme Damaged status Not for loan Collection code Home library Current library Shelving location Date acquired Inventory number Total Checkouts Full call number Barcode Date last seen Price effective from Koha item type
          NON-FICTION AKMAL Melaka AKMAL Melaka PINJAMAN 09.05.2017 304155   302.2 SAD 201702664 09.05.2017 09.05.2017 Book
Pusat Sumber Maklumat Dato' Haji Sarmin Md Hussin, Akademi Kastam Diraja Malaysia, Melaka
Tel: 06-2331106 | Faks: 06-2313787